000 00931nam a2200277 a 4500
003 MX-MxUPN
005 20240920064550.0
008 991125q1934 sp o fr 001 0 spa d
035 _aUPN01000028030
040 _aMX-MxUPN
_bspa
_cMX-MxUPN
041 _aspa
050 4 _aLB1025
_bM4.6 1934
100 1 _aMesser, August,
_d1867-1937
_929264
245 1 0 _aHistoria de la pedagogía
250 _aTercera edición
260 _aBarcelona :
_bEditorial Labor,
_c[1934?].
300 _a424 páginas, [8] hojas de láminas :
_bfotografías
490 0 _aBiblioteca de iniciación cultural.Educación ;
_v106-107
500 _aDatos tomados de la cubierta
500 _aLos dos números de la serie forman un solo volumen
650 4 _aEducación
_xHistoria
_96182
710 2 _951335
_aMuseo Pedagógico Nacional (México)
_epropietario anterior
902 _bMaríaRobles/030924
905 _aLibro
942 _2lcc
_cLIBRO
_n0
999 _c28030
_d28030